[Event "CZE-ch U16 Girls"]
[Site "Kouty nad Desnou"]
[Date "2020.03.12"]
[Round "7"]
[White "Merinska, Julie"]
[Black "Londinova, Jasmina Marie"]
[Result "0-1"]
[WhiteElo "1182"]
[BlackElo "1155"]
[PlyCount "74"]
[EventDate "2020.03.07"]
[EventType "swiss"]
[EventRounds "7"]
[EventCountry "CZE"]
[SourceTitle "CBM 195 Extra"]
[Source "ChessBase"]
[SourceDate "2020.05.31"]
[SourceVersion "1"]
[SourceVersionDate "2020.05.31"]
[SourceQuality "1"]

1. e4 b6 2. d4 Bb7 3. Nc3 e6 4. a3 Nf6 5. Bg5 h6 6. Bxf6 Qxf6 7. Nf3 c5 8. d5 exd5 9. exd5 Bd6 10. Bc4 0-0 11. 0-0 Qg6 12. Re1 Na6 13. Nb5 Nc7 14. Re3 Rfe8 15. Nxc7 Bxc7 16. Bd3 Qd6 17. Qe2 Rxe3 18. Qxe3 Bxd5 19. Be4 Bxe4 20. Qxe4 Rb8 21. Re1 Qf8 22. g3 Rd8 23. Qd5 Qd6 24. Qxd6 Bxd6 25. Nd2 Kf8 26. Kf1 Re8 27. Rd1 Bc7 28. h3 f5 29. g4 g6 30. Nf3 d6 31. Rd5 fxg4 32. hxg4 Re4 33. Nh2 Kg7 34. f3 Re5 35. Rxe5 dxe5 36. Ke2 e4 37. fxe4 Bxh2 0-1

[Event "CZE-ch U16 Girls"]
[Site "Kouty nad Desnou"]
[Date "2020.03.10"]
[Round "5"]
[White "Kuncicka, Klara"]
[Black "Londinova, Jasmina Marie"]
[Result "1-0"]
[WhiteElo "1223"]
[BlackElo "1155"]
[PlyCount "39"]
[EventDate "2020.03.07"]
[EventType "swiss"]
[EventRounds "7"]
[EventCountry "CZE"]
[SourceTitle "CBM 195 Extra"]
[Source "ChessBase"]
[SourceDate "2020.05.31"]
[SourceVersion "1"]
[SourceVersionDate "2020.05.31"]
[SourceQuality "1"]

1. e4 e5 2. Nf3 Nc6 3. Bc4 Nf6 4. d3 h6 5. c3 d5 6. exd5 Nxd5 7. h3 Qd6 8. Qb3 Nce7 9. 0-0 c6 10. Re1 Ng6 11. d4 f6 12. Nbd2 Kd8 13. Ne4 Qc7 14. Bxd5 cxd5 15. Qxd5+ Qd7 16. Qb3 exd4 17. Nxd4 Ne5 18. Rd1 Ke8 19. Bf4 Nc6 20. Nb5 1-0

[Event "SVK-chT5 SE-SI 1819"]
[Site "Slovakia"]
[Date "2018.12.08"]
[Round "4.3"]
[White "Londinova, Jasmina Marie"]
[Black "Cambal, Peter"]
[Result "1/2-1/2"]
[WhiteElo "1226"]
[BlackElo "1417"]
[PlyCount "40"]
[EventDate "2018.10.20"]
[EventType "team-tourn"]
[EventRounds "10"]
[EventCountry "SVK"]
[SourceTitle "CBM 189 Extra"]
[Source "ChessBase"]
[SourceDate "2019.06.03"]
[SourceVersion "1"]
[SourceVersionDate "2019.06.03"]
[SourceQuality "1"]
[WhiteTeam "Skalica IV"]
[BlackTeam "Holic III"]
[WhiteTeamCountry "SVK"]
[BlackTeamCountry "SVK"]

1. e4 c5 2. Nf3 d6 3. Nc3 Nf6 4. d4 cxd4 5. Nxd4 Nc6 6. Nf3 g6 7. Bd3 Bg7 8. 0-0 0-0 9. h3 Qa5 10. Bd2 Qc7 11. Qc1 Rd8 12. Re1 b6 13. Nd5 Nxd5 14. exd5 Ne5 15. Nxe5 Bxe5 16. Bf4 Bg7 17. c3 Re8 18. Bb5 Bd7 19. Bxd7 Qxd7 20. Qd2 Rac8 1/2-1/2

[Event "SVK-chT5 1718"]
[Site "Slovakia"]
[Date "2018.01.20"]
[Round "6"]
[White "Londinova, Jasmina Marie"]
[Black "Sefcik, Oliver"]
[Result "1/2-1/2"]
[WhiteElo "1115"]
[BlackElo "1110"]
[PlyCount "91"]
[EventDate "2017.10.21"]
[EventType "team-tourn"]
[EventRounds "9"]
[EventCountry "SVK"]
[SourceTitle "EXT 2019"]
[Source "ChessBase"]
[SourceDate "2018.10.10"]
[SourceVersion "1"]
[SourceVersionDate "2018.10.10"]
[SourceQuality "1"]
[WhiteTeam "Skalica III"]
[BlackTeam "Holic III"]
[WhiteTeamCountry "SVK"]
[BlackTeamCountry "SVK"]

1. e4 d5 2. exd5 Qxd5 3. Nc3 Qa5 4. b3 c6 5. Nf3 Nf6 6. h3 Bf5 7. Bb2 e6 8. Be2 Nbd7 9. 0-0 Be7 10. d3 0-0 11. Qd2 Nb6 12. Rfd1 Ba3 13. Bxa3 Qxa3 14. Ne5 Qd6 15. Nc4 Nxc4 16. dxc4 Qxd2 17. Rxd2 Rad8 18. Rad1 Rxd2 19. Rxd2 Re8 20. Bd3 Rd8 21. Kf1 Ne4 22. Nxe4 Bxe4 23. f3 Bxd3+ 24. cxd3 c5 25. Kf2 f6 26. g4 g5 27. Ke3 Rd4 28. Rf2 e5 29. Re2 Kg7 30. Kd2 Rf4 31. Ke3 Kg6 32. Kf2 h5 33. Kg3 h4+ 34. Kg2 Kf7 35. Re4 Rxe4 36. dxe4 Ke7 37. Kf2 Kd6 38. Ke3 Kc6 39. Kd3 b5 40. cxb5+ Kxb5 41. Kc3 a5 42. a3 Kc6 43. Kc4 Kb6 44. a4 Kc6 45. Kc3 Kd7 46. Kd3 1/2-1/2

[Event "SVK-chT5 1718"]
[Site "Slovakia"]
[Date "2017.10.21"]
[Round "1"]
[White "Jankovic, Vit"]
[Black "Londinova, Jasmina Marie"]
[Result "0-1"]
[WhiteElo "1099"]
[BlackElo "1115"]
[PlyCount "80"]
[EventDate "2017.10.21"]
[EventType "team-tourn"]
[EventRounds "9"]
[EventCountry "SVK"]
[SourceTitle "EXT 2019"]
[Source "ChessBase"]
[SourceDate "2018.10.10"]
[SourceVersion "1"]
[SourceVersionDate "2018.10.10"]
[SourceQuality "1"]
[WhiteTeam "Borsky Mikulas"]
[BlackTeam "Skalica III"]
[WhiteTeamCountry "SVK"]
[BlackTeamCountry "SVK"]

1. e4 e5 2. d4 exd4 3. c3 Nc6 4. cxd4 Bb4+ 5. Bd2 Bxd2+ 6. Nxd2 d6 7. d5 Ne5 8. Ngf3 Nf6 9. Nxe5 dxe5 10. Bb5+ Bd7 11. Qa4 0-0 12. Nf3 Bxb5 13. Qxb5 Qd6 14. Nd2 Qb6 15. Qxb6 axb6 16. 0-0 Rfd8 17. Rfc1 c6 18. Nc4 Nxe4 19. Nxb6 Ra6 20. f3 Rxb6 21. fxe4 f6 22. Rc5 Rxb2 23. dxc6 bxc6 24. Rxc6 Rb4 25. a4 Ra8 26. a5 Kf7 27. a6 Kg6 28. Ra3 h6 29. Rc7 Rb1+ 30. Kf2 Rb2+ 31. Ke3 Rb6 32. Rb7 Raxa6 33. Rxb6 Rxa3+ 34. Kf2 Kg5 35. g3 Ra2+ 36. Kg1 Re2 37. Rb4 f5 38. h4+ Kg4 39. exf5+ Kxg3 40. Rb7 Re1# 0-1